イトーヨーカドーの店名クイズ - Statistics

General Stats
  • This quiz has been taken 20 times
  • The average score is 23 of 92
Answer Stats
都道府県名 所在自治体 店名 % Correct
埼玉県 草加市 草加
71%
埼玉県 和光市 和光
64%
千葉県 船橋市 船橋
64%
栃木県 宇都宮市 宇都宮
57%
埼玉県 さいたま市浦和区 浦和
57%
千葉県 流山市 流山
57%
埼玉県 久喜市 久喜
50%
埼玉県 朝霞市 朝霞
50%
埼玉県 川口市 アリオ川口
50%
埼玉県 三郷市 三郷
50%
千葉県 松戸市 松戸
50%
千葉県 八千代市 八千代
50%
千葉県 四街道市 四街道
50%
東京都 葛飾区 アリオ亀有
50%
東京都 昭島市 昭島
50%
千葉県 我孫子市 我孫子
43%
東京都 東久留米市 東久留米
43%
埼玉県 さいたま市大宮区 大宮
36%
東京都 北区 赤羽
36%
東京都 江東区 アリオ北砂
36%
東京都 江東区 木場
36%
東京都 小金井市 武蔵小金井
36%
東京都 八王子市 八王子
36%
東京都 東村山市 東村山
36%
神奈川県 川崎市川崎区 川崎
36%
兵庫県 明石市 明石
36%
千葉県 千葉市花見川区 幕張
29%
東京都 葛飾区 四つ木
29%
東京都 葛飾区 高砂
29%
東京都 足立区 綾瀬
29%
東京都 江戸川区 アリオ葛西
29%
東京都 江戸川区 小岩
29%
東京都 大田区 大森
29%
東京都 武蔵野市 武蔵境
29%
東京都 東大和市 東大和
29%
神奈川県 横浜市鶴見区 鶴見
29%
神奈川県 小田原市 小田原
29%
神奈川県 藤沢市 湘南台
29%
愛知県 安城市 安城
29%
愛知県 知多市 知多
29%
埼玉県 さいたま市北区 大宮宮原
21%
埼玉県 深谷市 アリオ深谷
21%
千葉県 千葉市中央区 アリオ蘇我
21%
千葉県 市原市 アリオ市原
21%
千葉県 柏市 アリオ柏
21%
東京都 葛飾区 亀有駅前
21%
東京都 品川区 大井町
21%
東京都 多摩市 多摩センター
21%
東京都 八王子市 南大沢
21%
神奈川県 川崎市中原区 武蔵小杉
21%
神奈川県 相模原市緑区 アリオ橋本
21%
神奈川県 相模原市南区 相模原
21%
神奈川県 伊勢原市 伊勢原
21%
静岡県 静岡市駿河区 静岡
21%
静岡県 三島市 三島
21%
埼玉県 久喜市 アリオ鷲宮
14%
埼玉県 上尾市 アリオ上尾
14%
埼玉県 上尾市 上尾駅前
14%
埼玉県 草加市 新田
14%
東京都 足立区 アリオ西新井
14%
東京都 墨田区 曳舟
14%
東京都 調布市 国領
14%
神奈川県 川崎市高津区 溝ノ口
14%
神奈川県 相模原市南区 古淵
14%
神奈川県 鎌倉市 大船
14%
山梨県 中巨摩郡昭和町 甲府昭和
14%
大阪府 大阪市阿倍野区 あべの
14%
大阪府 八尾市 アリオ八尾
14%
兵庫県 加古川市 アリオ加古川
14%
埼玉県 ふじみ野市 食品館埼玉大井
7%
千葉県 松戸市 八柱
7%
千葉県 我孫子市 我孫子南口
7%
神奈川県 横浜市青葉区 たまプラーザ
7%
神奈川県 横浜市都筑区 ららぽーと横浜
7%
神奈川県 横浜市港南区 上永谷
7%
神奈川県 横浜市磯子区 洋光台
7%
神奈川県 横浜市泉区 立場
7%
神奈川県 川崎市麻生区 新百合ヶ丘
7%
神奈川県 大和市 大和鶴間
7%
岐阜県 岐阜市 柳津
7%
愛知県 日進市 赤池
7%
大阪府 堺市西区 アリオ鳳
7%
兵庫県 西宮市 甲子園
7%
千葉県 流山市 食品館おおたかの森
0%
神奈川県 横浜市栄区 桂台
0%
神奈川県 横浜市南区 横浜別所
0%
神奈川県 横浜市金沢区 能見台
0%
神奈川県 横浜市旭区 若葉台
0%
神奈川県 横浜市瀬谷区 食品館瀬谷
0%
神奈川県 川崎市中原区 武蔵小杉駅前
0%
神奈川県 平塚市 食品館ららぽーと湘南平塚
0%
大阪府 堺市西区 津久野
0%
No matching quizzes found
Score Distribution
Percent of People with Each Score
Percentile by Number Answered
Your Score History
You have not taken this quiz